Ingin jadi pujangga : kumpulan cerpin 1944-1991

Bibliographic Details
Main Author: A. Samad Said
Other Authors: Abdullah Tahir, Karim Haji Abdullah
Format: Book
Published: Kuala Lumpur : DBP , 1994
Subjects:

MARC

LEADER 00000cam a2200000 7i4500
001 0000009215
002 000010034
005 20000330.0
020 |a 9836242708 
090 0 0 |a 899.2333   |b SAM 
100 0 |a A. Samad Said 
245 1 0 |a Ingin jadi pujangga :   |b kumpulan cerpin 1944-1991   |c A.Samad Said ; diselenggarakan Abdullah Tahir 
260 |a Kuala Lumpur :   |b DBP ,   |c 1994 
300 |a 831p. ;   |c 23cm. 
650 0 0 |a Malay fiction 
650 0 0 |a Short stories, Malay 
700 0 |a Abdullah Tahir 
700 0 |a Karim Haji Abdullah 
999 |a 040197   |b BUKU   |c PINJAMAN   |e PERPUSTAKAAN KOMUNITI PETALING JAYA 
999 |a 040198   |b BUKU   |c PINJAMAN   |e PERPUSTAKAAN KOMUNITI PETALING JAYA